000 00226nam a2200097Ia 4500
005 20251222175818.0
008 251222s9999||||xx |||||||||||||| ||spa||
082 _aDVD0070/C11/1989
245 0 _aFrancesco:Francisco
942 _cDVD
999 _c40392
_d40392